La trama del neoliberalismo: mercado, crisis y exclusión social /

Salvato in:
Dettagli Bibliografici
Autore principale: Sader, Emir
Ente Autore: CLACSO
Altri autori: comp. Gentili, Pablo comp
Natura: testo
Pubblicazione: Buenos Aires: Eudeba
Tags: Aggiungi Tag
Nessun Tag, puoi essere il primo ad aggiungerne!!

MARC

LEADER 00000 a a2200000 04500
001 26541
003
040
020 |a 950-23-0995-2  
090 |a 148901  
100 |a Sader, Emir  
110 |a CLACSO  
245 |a La trama del neoliberalismo: mercado, crisis y exclusión social /  |c Emir Sader 
260 |a Buenos Aires:   |b Eudeba  
300 |a 189 p.  
700 |a comp.   |a Gentili, Pablo   |a comp.  
999 |c 13938  |d 13938